LIBRARY & INFORMATION CENTRE, KCAET, TAVANUR

ONLINE PUBLIC ACCESS CATALOGUE (OPAC)

Agricultural statistical compendium, Vol.I / (Record no. 8789)

MARC details
000 -LEADER
fixed length control field 00395cam a2200145ua 4500
041 ## - LANGUAGE CODE
Language code of text/sound track or separate title eng
082 ## - DEWEY DECIMAL CLASSIFICATION NUMBER
Classification number 028.7663
Item number BAN/AG
100 ## - MAIN ENTRY--AUTHOR NAME
Personal name Bansal, P.C .
245 ## - TITLE STATEMENT
Title Agricultural statistical compendium, Vol.I /
260 ## - PUBLICATION, DISTRIBUTION, ETC. (IMPRINT)
Place of publication New Delhi :
Name of publisher Techno economic research institute ,
Year of publication 1990.
300 ## - PHYSICAL DESCRIPTION
Number of Pages 581 ; .
942 ## - ADDED ENTRY ELEMENTS (KOHA)
Koha item type Books
Holdings
Withdrawn status Lost status Damaged status Home library Current library Date acquired Full call number Accession Number Koha item type
      KAUAET KAUAET 07/04/2012 028.7663 18446 Reference
free website counter